000 00773nam a2200205 i 4500
001 22358
003 ES-MaACL
005 20250930063036.0
007 t|
008 021202s1913 sp ||||1| spa d
100 1 _aAlonso Cortés, Narciso,
_d1875-1972
_920277
245 1 0 _aCuatro indicaciones sobre la moderna crítica de arte
_b: discurso de recepción en la Real Academia de Bellas Artes de Valladolid /
_cNarciso Alonso Cortés ; contestación de Angel Mª Alvarez Taladriz.
260 _aValladolid :
_bF. Santaren,
_c1913.
300 _a71 p.
700 1 _aAlvarez Taladriz, Angel.
_920974
710 2 _aReal Academia de Bellas Artes de Valladolid.
_96296
852 _aES-MaACL
_jT-1353-F-5
852 _aES-MaACL
_j1654-F-12
999 _c22358
_d22358